[Event "Королевский Гамбит. Южный Федеральный округ."]
[Date "2025-11-21"]
[Round "1.7"]
[Board "7"]
[White "Ахмедов Эльдар"]
[WhiteElo "1000"]
[Black "Асрян Владимир"]
[BlackElo "1000"]
[WebSite "https://www.chessopen.ru"]
[GameId "5ac14d42-479d-4226-a360-f4c3b671cb97"]
[Result "1-0"]

1. e4 { [%clk 0:10:00] } e5 { [%clk 0:10:00] } 2. Nf3 { [%clk 0:10:02] } Nc6 {
[%clk 0:10:01] } 3. Nc3 { [%clk 0:10:03] } Nf6 { [%clk 0:10:00] } 4. Bb5 {
[%clk 0:10:03] } Bb4 { [%clk 0:09:59] } 5. Bxc6 { [%clk 0:10:02] } dxc6 { [%clk
0:09:56] } 6. O-O { [%clk 0:10:00] } Bxc3 { [%clk 0:09:56] } 7. dxc3 { [%clk
0:10:01] } Qxd1 { [%clk 0:09:56] } 8. Rxd1 { [%clk 0:10:04] } O-O { [%clk
0:09:54] } 9. Nxe5 { [%clk 0:09:59] } Nxe4 { [%clk 0:09:53] } 10. Re1 { [%clk
0:09:42] } Bf5 { [%clk 0:09:44] } 11. Nf3 { [%clk 0:09:37] } Rae8 { [%clk
0:09:16] } 12. Be3 { [%clk 0:09:24] } h6 { [%clk 0:08:59] } 13. Rad1 { [%clk
0:09:18] } c5 { [%clk 0:08:37] } 14. Nd2 { [%clk 0:08:59] } Nxd2 { [%clk
0:08:25] } 15. Rxd2 { [%clk 0:08:57] } Re7 { [%clk 0:08:19] } 16. Kf1 { [%clk
0:08:51] } b6 { [%clk 0:08:02] } 17. h3 { [%clk 0:08:24] } c4 { [%clk 0:07:44]
} 18. g4 { [%clk 0:08:09] } Bg6 { [%clk 0:07:18] } 19. a3 { [%clk 0:07:20] } a5
{ [%clk 0:07:04] } 20. h4 { [%clk 0:06:40] } Re4 { [%clk 0:06:53] } 21. h5 {
[%clk 0:06:03] } Bh7 { [%clk 0:06:31] } 22. f3 { [%clk 0:05:46] } Re5 { [%clk
0:06:20] } 23. Bd4 { [%clk 0:05:26] } Rxe1+ { [%clk 0:06:07] } 24. Kxe1 { [%clk
0:05:23] } g6 { [%clk 0:06:03] } 25. Be3 { [%clk 0:05:04] } Re8 { [%clk
0:05:53] } 26. Kf2 { [%clk 0:05:00] } gxh5 { [%clk 0:05:43] } 27. gxh5 { [%clk
0:04:51] } Re5 { [%clk 0:05:25] } 28. Bxh6 { [%clk 0:04:39] } Rxh5 { [%clk
0:05:22] } 29. Rd8# { [%clk 0:04:38] } 1-0

[Event "Королевский Гамбит. Южный Федеральный округ."]
[Date "2025-11-21"]
[Round "1.7"]
[Board "7"]
[White "Горшенёва Галина"]
[WhiteElo "1000"]
[Black "Дмитрий Алдохин"]
[BlackElo "1000"]
[WebSite "https://www.chessopen.ru"]
[GameId "0bbcef7d-1216-4dff-8584-974edbbafe2f"]
[Result "1-0"]

1. c4 { [%clk 0:09:54] } e5 { [%clk 0:09:59] } 2. Nc3 { [%clk 0:09:54] } Nf6 {
[%clk 0:09:56] } 3. g3 { [%clk 0:09:55] } Nc6 { [%clk 0:09:55] } 4. Bg2 { [%clk
0:09:39] } Bc5 { [%clk 0:09:53] } 5. Nf3 { [%clk 0:09:38] } h6 { [%clk 0:09:41]
} 6. O-O { [%clk 0:09:31] } O-O { [%clk 0:09:23] } 7. e3 { [%clk 0:09:08] } Ng4
{ [%clk 0:09:12] } 8. d4 { [%clk 0:09:02] } Qf6 { [%clk 0:08:58] } 9. dxc5 {
[%clk 0:08:58] } Qg6 { [%clk 0:08:45] } 10. h3 { [%clk 0:08:55] } Nf6 { [%clk
0:08:27] } 11. Nd5 { [%clk 0:08:47] } Ne4 { [%clk 0:08:19] } 12. Nd2 { [%clk
0:08:11] } Nxd2 { [%clk 0:08:02] } 13. Bxd2 { [%clk 0:08:02] } d6 { [%clk
0:07:39] } 14. cxd6 { [%clk 0:07:58] } cxd6 { [%clk 0:07:39] } 15. Nb4 { [%clk
0:07:47] } Nxb4 { [%clk 0:07:21] } 16. Bxb4 { [%clk 0:07:43] } Rd8 { [%clk
0:06:53] } 17. Qb3 { [%clk 0:07:34] } a5 { [%clk 0:06:40] } 18. Bc3 { [%clk
0:07:31] } Bf5 { [%clk 0:06:25] } 19. Qxb7 { [%clk 0:07:26] } Be4 { [%clk
0:06:04] } 20. Qxe4 { [%clk 0:07:11] } f5 { [%clk 0:05:28] } 21. Qd5+ { [%clk
0:06:45] } Kh7 { [%clk 0:05:06] } 22. e4 { [%clk 0:06:35] } fxe4 { [%clk
0:04:52] } 23. Bxe4 { [%clk 0:06:34] } Qxe4 { [%clk 0:04:35] } 24. Qxe4+ {
[%clk 0:06:33] } Kh8 { [%clk 0:04:25] } 25. Rad1 { [%clk 0:06:29] } Kg8 { [%clk
0:04:07] } 26. Rxd6 { [%clk 0:06:08] } Rxd6 { [%clk 0:04:02] } 27. Qxa8+ {
[%clk 0:06:08] } Kf7 { [%clk 0:03:58] } 28. Qa7+ { [%clk 0:05:55] } Ke6 { [%clk
0:03:55] } 29. Qxg7 { [%clk 0:05:42] } Rd7 { [%clk 0:03:49] } 30. Qxe5+ { [%clk
0:05:40] } Kf7 { [%clk 0:03:49] } 31. Qf6+ { [%clk 0:05:36] } Ke8 { [%clk
0:03:46] } 32. Re1+ { [%clk 0:05:32] } Re7 { [%clk 0:03:44] } 33. Qxe7# { [%clk
0:05:31] } 1-0

[Event "Королевский Гамбит. Южный Федеральный округ."]
[Date "2025-11-21"]
[Round "1.7"]
[Board "7"]
[White "Жураков Всеволод"]
[WhiteElo "1000"]
[Black "Дорошенко Мария"]
[BlackElo "1000"]
[WebSite "https://www.chessopen.ru"]
[GameId "a435adbf-f14f-4956-a7ab-ae2a712f9709"]
[Result "1-0"]

1. e4 { [%clk 0:04:51] } e5 { [%clk 0:09:55] } 2. Nf3 { [%clk 0:04:51] } Nc6 {
[%clk 0:09:53] } 3. Be2 { [%clk 0:04:46] } Nf6 { [%clk 0:09:48] } 4. Nc3 {
[%clk 0:04:43] } Bb4 { [%clk 0:09:47] } 5. d3 { [%clk 0:04:38] } Bxc3+ { [%clk
0:09:45] } 6. bxc3 { [%clk 0:04:38] } d6 { [%clk 0:09:44] } 7. O-O { [%clk
0:04:16] } Be6 { [%clk 0:09:43] } 8. d4 { [%clk 0:04:12] } Nxe4 { [%clk
0:09:35] } 9. dxe5 { [%clk 0:04:09] } Nxc3 { [%clk 0:09:32] } 10. Qd3 { [%clk
0:04:04] } dxe5 { [%clk 0:09:20] } 11. Qxc3 { [%clk 0:04:01] } Bd5 { [%clk
0:09:10] } 12. Nxe5 { [%clk 0:03:57] } Qf6 { [%clk 0:08:47] } 13. Bb2 { [%clk
0:03:37] } Qf4 { [%clk 0:08:23] } 14. Nxc6 { [%clk 0:03:28] } Qg5 { [%clk
0:08:06] } 15. g3 { [%clk 0:03:08] } Qf5 { [%clk 0:07:57] } 16. Qe3+ { [%clk
0:03:03] } Be6 { [%clk 0:07:51] } 17. Nd4 { [%clk 0:03:00] } Qf6 { [%clk
0:07:41] } 18. Nxe6 { [%clk 0:02:58] } fxe6 { [%clk 0:07:39] } 19. Bxf6 { [%clk
0:02:51] } gxf6 { [%clk 0:07:38] } 20. Qxe6+ { [%clk 0:02:52] } Kd8 { [%clk
0:07:34] } 21. Qxf6+ { [%clk 0:02:52] } Kc8 { [%clk 0:07:33] } 22. Rad1 { [%clk
0:02:51] } b6 { [%clk 0:07:20] } 23. Qxh8+ { [%clk 0:02:48] } Kb7 { [%clk
0:07:20] } 24. Bg4 { [%clk 0:02:48] } Rxh8 { [%clk 0:07:18] } 25. f4 { [%clk
0:02:42] } Re8 { [%clk 0:07:15] } 26. f5 { [%clk 0:02:42] } Rf8 { [%clk
0:07:15] } 27. f6 { [%clk 0:02:41] } Rf7 { [%clk 0:07:15] } 28. Rde1 { [%clk
0:02:40] } c5 { [%clk 0:07:09] } 29. Re7+ { [%clk 0:02:39] } Rxe7 { [%clk
0:07:08] } 30. fxe7 { [%clk 0:02:39] } a5 { [%clk 0:07:08] } 31. e8=Q { [%clk
0:02:39] } b5 { [%clk 0:07:09] } 32. Qd7+ { [%clk 0:02:39] } Kb6 { [%clk
0:07:08] } 33. Rf6# { [%clk 0:02:38] } 1-0

[Event "Королевский Гамбит. Южный Федеральный округ."]
[Date "2025-11-21"]
[Round "1.7"]
[Board "7"]
[White "Сериков Дмитрий"]
[WhiteElo "980"]
[Black "Дмитриенко Иван"]
[BlackElo "1000"]
[WebSite "https://www.chessopen.ru"]
[GameId "fb6439db-efe7-4a81-82ec-08cbaa78c8ed"]
[Result "0-1"]

1. e4 { [%clk 0:09:56] } b6 { [%clk 0:10:00] } 2. d4 { [%clk 0:09:54] } Bb7 {
[%clk 0:10:01] } 3. Nc3 { [%clk 0:09:53] } d6 { [%clk 0:10:01] } 4. Nf3 { [%clk
0:09:53] } Nf6 { [%clk 0:10:01] } 5. Bf4 { [%clk 0:09:52] } Nxe4 { [%clk
0:10:02] } 6. Bb5+ { [%clk 0:09:40] } Nd7 { [%clk 0:09:48] } 7. Nxe4 { [%clk
0:09:09] } Bxe4 { [%clk 0:09:45] } 8. Ne5 { [%clk 0:09:00] } Bf5 { [%clk
0:09:33] } 9. Nxd7 { [%clk 0:08:34] } Bxd7 { [%clk 0:09:27] } 10. Bc4 { [%clk
0:08:31] } c5 { [%clk 0:09:21] } 11. Bd5 { [%clk 0:08:19] } Rc8 { [%clk
0:09:19] } 12. O-O { [%clk 0:08:07] } g6 { [%clk 0:09:11] } 13. Qd3 { [%clk
0:08:01] } Bg7 { [%clk 0:09:12] } 14. Qa6 { [%clk 0:07:53] } O-O { [%clk
0:09:01] } 15. Rae1 { [%clk 0:07:34] } e6 { [%clk 0:09:02] } 16. Bf3 { [%clk
0:07:26] } cxd4 { [%clk 0:08:53] } 17. Bxd6 { [%clk 0:07:16] } Re8 { [%clk
0:08:48] } 18. Qd3 { [%clk 0:06:55] } Bc6 { [%clk 0:08:43] } 19. Bg4 { [%clk
0:06:38] } Qxd6 { [%clk 0:08:39] } 20. Re2 { [%clk 0:05:19] } Qd5 { [%clk
0:08:35] } 21. f3 { [%clk 0:05:14] } Bb5 { [%clk 0:08:26] } 22. c4 { [%clk
0:05:09] } Bxc4 { [%clk 0:08:26] } 23. Qc2 { [%clk 0:04:49] } Bxe2 { [%clk
0:08:23] } 24. Qxe2 { [%clk 0:04:49] } f5 { [%clk 0:08:19] } 25. Bh3 { [%clk
0:04:43] } d3 { [%clk 0:08:17] } 26. Qe3 { [%clk 0:04:41] } Bd4 { [%clk
0:07:51] } 27. Qxd4 { [%clk 0:03:51] } Qxd4+ { [%clk 0:07:53] } 28. Kh1 { [%clk
0:03:50] } e5 { [%clk 0:07:50] } 29. f4 { [%clk 0:03:50] } exf4 { [%clk
0:07:49] } 30. Re1 { [%clk 0:03:46] } Rxe1# { [%clk 0:07:44] } 0-1

[Event "Королевский Гамбит. Южный Федеральный округ."]
[Date "2025-11-21"]
[Round "1.8"]
[Board "8"]
[White "Мальченко Екатерина"]
[WhiteElo "1000"]
[Black "Пилипчук Алёна"]
[BlackElo "1000"]
[WebSite "https://www.chessopen.ru"]
[GameId "429f4d8d-c217-4218-911d-c6a1d42d8464"]
[Result "0-1"]

1. e4 { [%clk 0:07:48] } e5 { [%clk 0:02:45] } 2. Nc3 { [%clk 0:07:42] } Nc6 {
[%clk 0:02:41] } 3. Nf3 { [%clk 0:07:43] } Nf6 { [%clk 0:02:41] } 4. Bc4 {
[%clk 0:07:41] } Bc5 { [%clk 0:02:41] } 5. O-O { [%clk 0:07:40] } d6 { [%clk
0:02:36] } 6. d3 { [%clk 0:07:35] } Bg4 { [%clk 0:02:35] } 7. Bg5 { [%clk
0:07:33] } Nd4 { [%clk 0:02:35] } 8. Nxd4 { [%clk 0:07:27] } exd4 { [%clk
0:02:32] } 9. Nb5 { [%clk 0:07:26] } Bxd1 { [%clk 0:02:29] } 10. Rfxd1 { [%clk
0:07:23] } a6 { [%clk 0:02:24] } 11. f4 { [%clk 0:07:10] } axb5 { [%clk
0:02:21] } 12. Bxb5+ { [%clk 0:07:11] } c6 { [%clk 0:02:23] } 13. Bc4 { [%clk
0:07:05] } O-O { [%clk 0:02:20] } 14. e5 { [%clk 0:07:03] } dxe5 { [%clk
0:02:21] } 15. fxe5 { [%clk 0:07:05] } Nd5 { [%clk 0:02:19] } 16. Bxd5 { [%clk
0:07:05] } cxd5 { [%clk 0:02:21] } 17. Bxd8 { [%clk 0:07:00] } Raxd8 { [%clk
0:02:21] } 18. Re1 { [%clk 0:06:54] } Bb4 { [%clk 0:02:20] } 19. c3 { [%clk
0:06:48] } dxc3 { [%clk 0:02:20] } 20. bxc3 { [%clk 0:06:48] } Bxc3 { [%clk
0:02:19] } 21. Rac1 { [%clk 0:06:48] } Bxe1 { [%clk 0:02:20] } 22. Rxe1 { [%clk
0:06:49] } f6 { [%clk 0:02:17] } 23. exf6 { [%clk 0:06:48] } Rxf6 { [%clk
0:02:18] } 24. a4 { [%clk 0:06:47] } Rc8 { [%clk 0:02:13] } 25. h3 { [%clk
0:06:40] } Rc3 { [%clk 0:02:14] } 26. d4 { [%clk 0:06:39] } Rc4 { [%clk
0:02:14] } 27. Rd1 { [%clk 0:06:36] } Rxa4 { [%clk 0:02:15] } 28. g4 { [%clk
0:06:32] } Rf3 { [%clk 0:02:13] } 29. h4 { [%clk 0:06:29] } Ra2 { [%clk
0:02:13] } 30. g5 { [%clk 0:06:23] } Rg3+ { [%clk 0:02:11] } 31. Kf1 { [%clk
0:06:06] } Rgg2 { [%clk 0:02:06] } 32. Ke1 { [%clk 0:05:57] } Rgf2 { [%clk
0:01:57] } 33. Rc1 { [%clk 0:05:51] } Rae2+ { [%clk 0:01:55] } 34. Kd1 { [%clk
0:05:50] } Rd2+ { [%clk 0:01:56] } 35. Ke1 { [%clk 0:05:49] } b5 { [%clk
0:01:54] } 36. Rc8+ { [%clk 0:05:42] } Kf7 { [%clk 0:01:50] } 37. Rc7+ { [%clk
0:05:39] } Kg6 { [%clk 0:01:51] } 38. Rc6+ { [%clk 0:05:40] } Kh5 { [%clk
0:01:51] } 39. Rh6+ { [%clk 0:05:36] } gxh6 { [%clk 0:01:50] } 40. gxh6 { [%clk
0:05:37] } Kxh6 { [%clk 0:01:51] } 41. h5 { [%clk 0:05:32] } Rh2 { [%clk
0:01:47] } 42. Kf1 { [%clk 0:05:23] } b4 { [%clk 0:01:47] } 43. Ke1 { [%clk
0:05:15] } b3 { [%clk 0:01:46] } 44. Kf1 { [%clk 0:05:15] } b2 { [%clk 0:01:48]
} 45. Kg1 { [%clk 0:05:15] } b1=Q# { [%clk 0:01:47] } 0-1

[Event "Королевский Гамбит. Южный Федеральный округ."]
[Date "2025-11-21"]
[Round "1.8"]
[Board "8"]
[White "Мережко Татьяна"]
[WhiteElo "1000"]
[Black "Абубекеров Илья"]
[BlackElo "1000"]
[WebSite "https://www.chessopen.ru"]
[GameId "d656198e-a0eb-4e52-8e98-e9b157244fcf"]
[Result "0-1"]

1. e4 { [%clk 0:10:01] } c5 { [%clk 0:09:58] } 2. Nc3 { [%clk 0:09:46] } Nc6 {
[%clk 0:09:55] } 3. Bc4 { [%clk 0:09:46] } d6 { [%clk 0:09:52] } 4. d3 { [%clk
0:09:47] } e6 { [%clk 0:09:52] } 5. Nf3 { [%clk 0:09:46] } Nf6 { [%clk 0:09:53]
} 6. Bg5 { [%clk 0:09:47] } Be7 { [%clk 0:09:45] } 7. O-O { [%clk 0:09:47] } h6
{ [%clk 0:09:45] } 8. Bxf6 { [%clk 0:09:48] } Bxf6 { [%clk 0:09:46] } 9. h3 {
[%clk 0:09:47] } O-O { [%clk 0:09:46] } 10. Qd2 { [%clk 0:09:46] } Na5 { [%clk
0:09:45] } 11. b3 { [%clk 0:09:42] } a6 { [%clk 0:09:43] } 12. a4 { [%clk
0:09:38] } Nxc4 { [%clk 0:09:42] } 13. dxc4 { [%clk 0:09:38] } Qa5 { [%clk
0:09:42] } 14. Rad1 { [%clk 0:09:35] } Qxc3 { [%clk 0:09:43] } 15. Qxc3 { [%clk
0:09:37] } Bxc3 { [%clk 0:09:42] } 16. Rxd6 { [%clk 0:09:38] } e5 { [%clk
0:09:44] } 17. Rd5 { [%clk 0:09:36] } b6 { [%clk 0:09:43] } 18. Nxe5 { [%clk
0:09:35] } Be6 { [%clk 0:09:43] } 19. Nd7 { [%clk 0:09:28] } Bxd5 { [%clk
0:09:43] } 20. Nxf8 { [%clk 0:09:27] } Bc6 { [%clk 0:09:45] } 21. Rd1 { [%clk
0:09:21] } Rxf8 { [%clk 0:09:44] } 22. Rd3 { [%clk 0:09:17] } Be5 { [%clk
0:09:43] } 23. g3 { [%clk 0:09:13] } Bxe4 { [%clk 0:09:42] } 24. Rd2 { [%clk
0:09:10] } Bc3 { [%clk 0:09:43] } 25. Re2 { [%clk 0:09:11] } f5 { [%clk
0:09:42] } 26. Re3 { [%clk 0:09:08] } Rd8 { [%clk 0:09:42] } 27. Rxc3 { [%clk
0:09:07] } Rd1+ { [%clk 0:09:42] } 28. Kh2 { [%clk 0:09:01] } Rh1# { [%clk
0:09:45] } 0-1

[Event "Королевский Гамбит. Южный Федеральный округ."]
[Date "2025-11-21"]
[Round "1.8"]
[Board "8"]
[White "Мотина Полина"]
[WhiteElo "1000"]
[Black "Харьковская Анна"]
[BlackElo "1000"]
[WebSite "https://www.chessopen.ru"]
[GameId "ca76c2d4-f481-4e17-997e-c6235c03c322"]
[Result "0-1"]

1. e4 { [%clk 0:09:53] } e5 { [%clk 0:10:00] } 2. Bc4 { [%clk 0:09:53] } Bc5 {
[%clk 0:10:01] } 3. Nf3 { [%clk 0:09:51] } Nc6 { [%clk 0:10:00] } 4. d3 { [%clk
0:09:51] } h6 { [%clk 0:09:58] } 5. Nc3 { [%clk 0:09:46] } Nf6 { [%clk 0:09:56]
} 6. Nd5 { [%clk 0:09:37] } d6 { [%clk 0:09:47] } 7. h3 { [%clk 0:09:25] } Be6
{ [%clk 0:09:37] } 8. Be3 { [%clk 0:09:09] } Bb6 { [%clk 0:09:38] } 9. c3 {
[%clk 0:08:48] } Bxd5 { [%clk 0:09:19] } 10. exd5 { [%clk 0:08:41] } Ne7 {
[%clk 0:09:17] } 11. d4 { [%clk 0:08:38] } exd4 { [%clk 0:08:46] } 12. Nxd4 {
[%clk 0:08:37] } Nexd5 { [%clk 0:08:24] } 13. Nf5 { [%clk 0:08:11] } Nxe3 {
[%clk 0:08:00] } 14. fxe3 { [%clk 0:08:06] } O-O { [%clk 0:07:54] } 15. e4 {
[%clk 0:07:56] } Nxe4 { [%clk 0:07:50] } 16. Qf3 { [%clk 0:07:33] } Re8 { [%clk
0:07:35] } 17. Qh5 { [%clk 0:07:27] } Ng3+ { [%clk 0:07:27] } 18. Kd1 { [%clk
0:07:26] } Nxh5 { [%clk 0:07:28] } 19. Rf1 { [%clk 0:07:16] } Qe7 { [%clk
0:07:17] } 20. Nxe7+ { [%clk 0:07:13] } Rxe7 { [%clk 0:07:14] } 21. g4 { [%clk
0:07:11] } Ng3 { [%clk 0:07:13] } 22. Rf3 { [%clk 0:07:08] } Rae8 { [%clk
0:06:36] } 23. Kc2 { [%clk 0:07:06] } Ne2 { [%clk 0:06:22] } 24. Rff1 { [%clk
0:06:47] } c6 { [%clk 0:05:19] } 25. h4 { [%clk 0:06:30] } d5 { [%clk 0:05:16]
} 26. Bd3 { [%clk 0:06:28] } Bc7 { [%clk 0:04:54] } 27. h5 { [%clk 0:06:22] }
Ng3 { [%clk 0:04:50] } 28. Rg1 { [%clk 0:06:05] } Ne4 { [%clk 0:04:32] } 29. b3
{ [%clk 0:05:56] } Nc5 { [%clk 0:04:00] } 30. c4 { [%clk 0:05:54] } Nxd3 {
[%clk 0:04:00] } 31. Kxd3 { [%clk 0:05:54] } Re3+ { [%clk 0:04:00] } 32. Kd2 {
[%clk 0:05:52] } Ba5+ { [%clk 0:04:00] } 33. Kc2 { [%clk 0:05:48] } dxc4 {
[%clk 0:03:58] } 34. bxc4 { [%clk 0:05:48] } Rc3+ { [%clk 0:03:59] } 35. Kd1 {
[%clk 0:05:43] } Rxc4 { [%clk 0:03:55] } 36. Rb1 { [%clk 0:05:29] } Rd8+ {
[%clk 0:03:54] } 37. Ke2 { [%clk 0:05:29] } Re4+ { [%clk 0:03:52] } 38. Kf3 {
[%clk 0:05:30] } Rb4 { [%clk 0:03:43] } 39. Rbe1 { [%clk 0:05:29] } Rd3+ {
[%clk 0:03:39] } 40. Re3 { [%clk 0:05:28] } Rxe3+ { [%clk 0:03:40] } 41. Kxe3 {
[%clk 0:05:29] } Bb6+ { [%clk 0:03:35] } 42. Kf3 { [%clk 0:05:28] } Bxg1 {
[%clk 0:03:35] } 43. Kg2 { [%clk 0:05:25] } c5 { [%clk 0:03:33] } 44. Kxg1 {
[%clk 0:05:25] } Rd4 { [%clk 0:03:33] } 45. Kf2 { [%clk 0:05:26] } c4 { [%clk
0:03:35] } 46. Ke3 { [%clk 0:05:27] } Rd8 { [%clk 0:03:36] } 47. Kf4 { [%clk
0:05:24] } c3 { [%clk 0:03:37] } 48. g5 { [%clk 0:05:24] } hxg5+ { [%clk
0:03:39] } 49. Kxg5 { [%clk 0:05:25] } c2 { [%clk 0:03:37] } 50. h6 { [%clk
0:05:24] } gxh6+ { [%clk 0:03:38] } 51. Kxh6 { [%clk 0:05:25] } c1=Q+ { [%clk
0:03:39] } 52. Kh5 { [%clk 0:05:25] } Rd5+ { [%clk 0:03:35] } 53. Kh4 { [%clk
0:05:22] } Qc4+ { [%clk 0:03:36] } 54. Kg3 { [%clk 0:05:23] } Rd3+ { [%clk
0:03:37] } 55. Kf2 { [%clk 0:05:24] } Qc2+ { [%clk 0:03:38] } 56. Ke1 { [%clk
0:05:25] } Rd1# { [%clk 0:03:40] } 0-1

[Event "Королевский Гамбит. Южный Федеральный округ."]
[Date "2025-11-21"]
[Round "1.8"]
[Board "8"]
[White "Недбальская Вера"]
[WhiteElo "1000"]
[Black "Краль Вероника"]
[BlackElo "1000"]
[WebSite "https://www.chessopen.ru"]
[GameId "65d21fcb-af04-4388-93e4-9dfc0a24b8d1"]
[Result "0-1"]

1. e4 { [%clk 0:09:58] } e6 { [%clk 0:10:01] } 2. Nf3 { [%clk 0:09:59] } d5 {
[%clk 0:10:01] } 3. exd5 { [%clk 0:09:57] } exd5 { [%clk 0:10:01] } 4. Nc3 {
[%clk 0:09:47] } Nf6 { [%clk 0:10:00] } 5. Bb5+ { [%clk 0:09:46] } c6 { [%clk
0:09:52] } 6. Be2 { [%clk 0:09:44] } Bd6 { [%clk 0:09:50] } 7. d3 { [%clk
0:09:38] } O-O { [%clk 0:09:45] } 8. Bg5 { [%clk 0:09:33] } h6 { [%clk 0:09:40]
} 9. Bh4 { [%clk 0:09:33] } Bf5 { [%clk 0:09:28] } 10. h3 { [%clk 0:09:30] }
Nbd7 { [%clk 0:09:04] } 11. a3 { [%clk 0:09:26] } Re8 { [%clk 0:08:55] } 12.
O-O { [%clk 0:09:19] } Qb6 { [%clk 0:08:45] } 13. Na4 { [%clk 0:09:10] } Qa6 {
[%clk 0:08:19] } 14. Nc3 { [%clk 0:08:49] } c5 { [%clk 0:07:49] } 15. d4 {
[%clk 0:08:28] } Qb6 { [%clk 0:07:39] } 16. Nb5 { [%clk 0:08:13] } a6 { [%clk
0:07:33] } 17. Nxd6 { [%clk 0:07:58] } Qxd6 { [%clk 0:07:30] } 18. dxc5 { [%clk
0:07:52] } Qxc5 { [%clk 0:07:25] } 19. b3 { [%clk 0:07:43] } Qxc2 { [%clk
0:07:18] } 20. Qxc2 { [%clk 0:07:30] } Bxc2 { [%clk 0:07:21] } 21. b4 { [%clk
0:07:22] } Rxe2 { [%clk 0:07:05] } 22. Nd4 { [%clk 0:07:09] } Rd2 { [%clk
0:06:57] } 23. Nf3 { [%clk 0:07:00] } Rd3 { [%clk 0:06:25] } 24. Rfe1 { [%clk
0:06:44] } Ne4 { [%clk 0:06:10] } 25. Rac1 { [%clk 0:06:26] } Rc3 { [%clk
0:06:04] } 26. Nd4 { [%clk 0:05:35] } Rac8 { [%clk 0:05:52] } 27. Ne2 { [%clk
0:05:14] } Rxa3 { [%clk 0:05:39] } 28. Be7 { [%clk 0:04:54] } Nc3 { [%clk
0:05:01] } 29. Nd4 { [%clk 0:04:35] } Na2 { [%clk 0:04:32] } 30. Rxc2 { [%clk
0:04:21] } Rxc2 { [%clk 0:04:28] } 31. Nxc2 { [%clk 0:04:14] } Rc3 { [%clk
0:04:22] } 32. Ne3 { [%clk 0:04:02] } d4 { [%clk 0:04:06] } 33. Nd5 { [%clk
0:03:49] } Rc1 { [%clk 0:03:53] } 34. Rxc1 { [%clk 0:03:41] } Nxc1 { [%clk
0:03:50] } 35. Bd6 { [%clk 0:03:22] } d3 { [%clk 0:03:23] } 36. Bf4 { [%clk
0:03:09] } Nb3 { [%clk 0:03:19] } 37. Nc3 { [%clk 0:02:57] } d2 { [%clk
0:03:15] } 38. Nd1 { [%clk 0:02:56] } b6 { [%clk 0:02:54] } 39. Kf1 { [%clk
0:02:56] } a5 { [%clk 0:02:53] } 40. bxa5 { [%clk 0:02:56] } bxa5 { [%clk
0:02:52] } 41. Ke2 { [%clk 0:02:52] } a4 { [%clk 0:02:49] } 42. Bxd2 { [%clk
0:02:52] } Nxd2 { [%clk 0:02:49] } 43. Kxd2 { [%clk 0:02:52] } Nc5 { [%clk
0:02:46] } 44. Kc2 { [%clk 0:02:45] } Kf8 { [%clk 0:02:44] } 45. Nc3 { [%clk
0:02:42] } Ke7 { [%clk 0:02:44] } 46. Kb2 { [%clk 0:02:41] } Kd6 { [%clk
0:02:44] } 47. Nb5+ { [%clk 0:02:34] } Kc6 { [%clk 0:02:39] } 48. Nc3 { [%clk
0:02:30] } Kd6 { [%clk 0:02:33] } 49. Ka3 { [%clk 0:02:25] } Ke5 { [%clk
0:02:24] } 50. Ne2 { [%clk 0:02:19] } Kd5 { [%clk 0:02:22] } 51. Nc3+ { [%clk
0:02:18] } Kc4 { [%clk 0:02:20] } 52. Nxa4 { [%clk 0:02:13] } Nxa4 { [%clk
0:02:20] } 53. Kxa4 { [%clk 0:02:14] } Kd3 { [%clk 0:02:21] } 54. Kb5 { [%clk
0:02:10] } Ke2 { [%clk 0:02:21] } 55. Kc6 { [%clk 0:02:08] } Kxf2 { [%clk
0:02:22] } 56. Kd7 { [%clk 0:02:09] } Kxg2 { [%clk 0:02:22] } 57. Ke7 { [%clk
0:02:08] } f5 { [%clk 0:02:23] } 58. Kf7 { [%clk 0:02:06] } f4 { [%clk 0:02:23]
} 59. Kxg7 { [%clk 0:02:05] } f3 { [%clk 0:02:19] } 60. Kxh6 { [%clk 0:02:04] }
Kxh3 { [%clk 0:02:20] } 61. Kg6 { [%clk 0:02:03] } f2 { [%clk 0:02:21] } 62.
Kf6 { [%clk 0:02:01] } f1=Q+ { [%clk 0:02:19] } 63. Ke5 { [%clk 0:02:01] } Qf3
{ [%clk 0:02:19] } 64. Kd4 { [%clk 0:02:00] } Qe2 { [%clk 0:02:20] } 65. Kd5 {
[%clk 0:02:01] } Qe3 { [%clk 0:02:18] } 66. Kc4 { [%clk 0:02:00] } Qd2 { [%clk
0:02:19] } 67. Kb3 { [%clk 0:01:58] } Qc1 { [%clk 0:02:18] } 68. Ka2 { [%clk
0:01:57] } Qc4+ { [%clk 0:02:14] } 69. Kb2 { [%clk 0:01:55] } Kg3 { [%clk
0:02:12] } 70. Kb1 { [%clk 0:01:52] } Kf2 { [%clk 0:02:12] } 71. Kb2 { [%clk
0:01:50] } Ke2 { [%clk 0:02:12] } 72. Kb1 { [%clk 0:01:39] } Kd2 { [%clk
0:02:11] } 73. Kb2 { [%clk 0:01:40] } Qc3+ { [%clk 0:02:10] } 74. Kb1 { [%clk
0:01:37] } Qb4+ { [%clk 0:02:05] } 75. Ka1 { [%clk 0:01:34] } Kc2 { [%clk
0:02:07] } 76. Ka2 { [%clk 0:01:29] } Qa4# { [%clk 0:02:09] } 0-1